Empatický AI asistent

Na minha lista:
Detalhes bibliográficos
Autor principal: Martinková, Jazmína (Author)
Outros Autores: Huraiová, Petra (Thesis advisor)
Formato: Manuscrito Livro
Idioma:eslovaco
Publicado em: 2025
Assuntos:
Acesso em linha:http://is.stuba.sk/zp/portal_zp.pl?podrobnosti=185271
Tags: Adicionar Tag
Sem tags, seja o primeiro a adicionar uma tag!

MARC

LEADER 00000ntm a22000003a 4500
001 stuzp105084
003 SK-STU
005 20251115210341.8
007 ta
008 150427s2015----xo-----f-mn---000-0-slo-d
040 |a STU  |b slo 
041 0 |a slo 
100 1 |a Martinková, Jazmína  |u 059190  |4 aut  |U FAD Fakulta architektúry a dizajnu  |T FAD Ústav dizajnu  |X 103583  |U A9190  |Y 400  |7 103583 
242 0 1 |a Empathetic AI assistant  |y eng 
245 1 0 |a Empatický AI asistent 
260 |c 2025 
650 4 |a umelá inteligencia  |2 slo 
650 4 |a UX/UI dizajn  |2 slo 
650 4 |a stres  |2 slo 
650 4 |a automobilový priemysel  |2 slo 
650 4 |a hlasový asistent  |2 slo 
650 4 |a empatia  |2 slo 
650 4 |a empathy  |2 eng 
650 4 |a voice assistant  |2 eng 
650 4 |a stress  |2 eng 
650 4 |a automotive industry  |2 eng 
650 4 |a UX/UI design  |2 eng 
650 4 |a artificial intelligence  |2 eng 
700 1 |a Huraiová, Petra  |u 059190  |k Z1  |4 ths  |U FAD Fakulta architektúry a dizajnu  |T FAD Ústav dizajnu  |X 68947  |U A9190  |Y 400  |7 A000068947 
856 4 |u http://is.stuba.sk/zp/portal_zp.pl?podrobnosti=185271